[Event "Benidorm op U2300 07th"]
[Site "Benidorm"]
[Date "2008.12.02"]
[Round "4"]
[White "Megias Chafer, Alejandro"]
[Black "Diogo, Vasco Andre Marcalo"]
[Result "1-0"]
[WhiteElo "2159"]
[BlackElo "2295"]
[PlyCount "123"]
[EventDate "2008.11.29"]
[EventType "swiss"]
[EventRounds "9"]
[EventCountry "ESP"]
[SourceTitle "CBM 127 Extra"]
[Source "ChessBase"]
[SourceDate "2009.01.08"]
[SourceVersion "2"]
[SourceVersionDate "2009.01.28"]
[SourceQuality "1"]

1. e4 d5 2. exd5 Qxd5 3. Nc3 Qa5 4. d4 Nf6 5. Nf3 c6 6. Bc4 Bf5 7. Qe2 e6 8. Bd2 Bb4 9. a3 Nbd7 10. 0-0-0 Nb6 11. Ba2 Bxc3 12. Bxc3 Qb5 13. Qxb5 cxb5 14. Ne5 Rc8 15. Bb3 Be4 16. Ba5 Nc4 17. Nxc4 bxc4 18. Ba4+ Bc6 19. Bxc6+ Rxc6 20. Rhe1 Nd5 21. Re4 0-0 22. Bd2 Rfc8 23. c3 Rb6 24. Rde1 Rcc6 25. h3 Rb5 26. Kc2 Rcb6 27. Bc1 g6 28. Re5 Kg7 29. g4 Ne7 30. Rxb5 Rxb5 31. Bf4 Nc6 32. Bc7 Rd5 33. b3 cxb3+ 34. Kxb3 b5 35. a4 Kf6 36. axb5 Rxb5+ 37. Kc4 Rb7 38. Bg3 Na5+ 39. Kc5 Rb6 40. Re2 Ke7 41. Ra2 Nb7+ 42. Kc4 a5 43. Kd3 Kd7 44. c4 Rb3+ 45. Kc2 Rf3 46. c5 f5 47. Rb2 Nd8 48. Rb6 f4 49. Rd6+ Kc7 50. Bh4 Nc6 51. Bf6 Rxf2+ 52. Kd3 a4 53. Rxe6 Rf3+ 54. Ke2 Re3+ 55. Rxe3 fxe3 56. Kxe3 Nb4 57. Kd2 Kc6 58. Kc1 a3 59. Bg5 Kd5 60. Bd2 Nd3+ 61. Kb1 Kxd4 62. c6 1-0

[Event "Mislata op 15th"]
[Site "Mislata"]
[Date "2007.08.30"]
[Round "9"]
[White "Buenafe Moya, Javier"]
[Black "Megias Chafer, Alejandro"]
[Result "1/2-1/2"]
[WhiteElo "2264"]
[BlackElo "2123"]
[PlyCount "135"]
[EventDate "2007.08.22"]
[EventType "swiss"]
[EventRounds "9"]
[EventCountry "ESP"]
[SourceTitle "CBM 120 Extra"]
[Source "ChessBase"]
[SourceDate "2007.11.01"]
[SourceVersion "1"]
[SourceVersionDate "2007.11.01"]
[SourceQuality "1"]

1. c4 Nf6 2. g3 c6 3. Bg2 d5 4. Nf3 Bf5 5. Qb3 Qb6 6. 0-0 e6 7. Nc3 Nbd7 8. cxd5 Qxb3 9. axb3 exd5 10. Nd4 Bg6 11. d3 Be7 12. h3 0-0 13. f4 h6 14. f5 Bh7 15. e4 dxe4 16. dxe4 Bd6 17. g4 Rfe8 18. Be3 Nc5 19. e5 Bxe5 20. Nxc6 Nxb3 21. Nxe5 Nxa1 22. Rxa1 Rxe5 23. Bd4 Re7 24. Bxf6 gxf6 25. Kf2 Kg7 26. Be4 a6 27. Kf3 Rd8 28. Nd5 Red7 29. Rd1 a5 30. Ke3 b5 31. Rd3 b4 32. Kd4 Rc8 33. Rd1 Rb8 34. Ra1 Ra7 35. Kc5 Re8 36. Kb6 Rd7 37. Bf3 Rdd8 38. Rxa5 Rb8+ 39. Kc7 Rec8+ 40. Kd7 Rc2 41. Ra6 Rxb2 42. Nxf6 b3 43. Nh5+ Kf8 44. Kc7 Re8 45. Nf6 Rc2+ 46. Kd7 Re7+ 47. Kd6 Rd2+ 48. Bd5 Bxf5 49. gxf5 Re1 50. Ra8+ Kg7 51. Nh5+ Kh7 52. Ra7 Rxd5+ 53. Kxd5 b2 54. Rxf7+ Kg8 55. Rb7 b1Q 56. Rxb1 Rxb1 57. Ke6 Kf8 58. Ke5 Kf7 59. Nf4 Rb5+ 60. Nd5 Ra5 61. Ke4 Ra3 62. Ne3 Kf6 63. Nd5+ Kg5 64. h4+ Kxh4 65. f6 Kg5 66. f7 Ra8 67. Nc7 Rc8 68. Ne6+ 1/2-1/2

[Event "Mislata op 14th"]
[Site "Mislata"]
[Date "2006.08.25"]
[Round "4"]
[White "Megias Chafer, Alejandro"]
[Black "Cruz Estrada, Filemon"]
[Result "0-1"]
[WhiteElo "2149"]
[BlackElo "2397"]
[PlyCount "106"]
[EventDate "2006.08.22"]
[EventType "swiss"]
[EventRounds "9"]
[EventCountry "ESP"]
[SourceTitle "CBM 113 Extra"]
[Source "ChessBase"]
[SourceDate "2006.09.14"]
[SourceVersion "1"]
[SourceVersionDate "2006.09.14"]
[SourceQuality "1"]

1. e4 c5 2. Nf3 e6 3. d4 cxd4 4. Nxd4 a6 5. c4 Nf6 6. Nc3 Qc7 7. Bd3 Nc6 8. Nc2 Ne5 9. Ne3 Nxd3+ 10. Qxd3 Be7 11. 0-0 0-0 12. b3 d6 13. Bb2 b6 14. Rfd1 Bb7 15. Rac1 Rac8 16. Qd4 Rfd8 17. Kh1 Bf8 18. f3 Qb8 19. Ba3 Bc6 20. Ne2 Ne8 21. Qa1 b5 22. cxb5 axb5 23. Bb2 Qb7 24. Nd4 Bd7 25. Rxc8 Rxc8 26. Rc1 Nc7 27. a3 d5 28. exd5 Nxd5 29. Rxc8 Bxc8 30. Nxd5 Qxd5 31. Qc1 e5 32. Nc6 e4 33. fxe4 Qxe4 34. Nd4 Bb7 35. Qd2 Qg6 36. Qc2 Bxg2+ 37. Qxg2 Qb1+ 38. Qg1 Qxb2 39. Nxb5 Qxb3 40. Qg5 h6 41. Qf5 Bxa3 42. Nxa3 Qxa3 43. Kg2 Qa2+ 44. Kh1 Qa6 45. h3 Qe6 46. Qf3 Kh7 47. Kh2 Qe5+ 48. Kg1 f5 49. Qb7 Qg3+ 50. Kf1 Qxh3+ 51. Ke2 Qg4+ 52. Kf2 Qf4+ 53. Kg1 Qe4 0-1

[Event "Mislata op 09th"]
[Site "Mislata"]
[Date "2000.08.19"]
[Round "3"]
[White "Balada Moreno, Jose Luis"]
[Black "Megias Chafer, Alejandro"]
[Result "1/2-1/2"]
[WhiteElo "2227"]
[BlackElo "2067"]
[PlyCount "90"]
[EventDate "2000.08.17"]
[EventType "swiss"]
[EventRounds "9"]
[EventCountry "ESP"]
[SourceTitle "EXT 2001"]
[Source "ChessBase"]
[SourceDate "2000.11.22"]
[SourceVersion "1"]
[SourceVersionDate "2000.11.22"]
[SourceQuality "1"]

1. e4 c6 2. Ne2 d5 3. e5 Bf5 4. Ng3 Bg6 5. h4 h5 6. Be2 e6 7. d4 Be7 8. Nxh5 Bxh5 9. Bxh5 g6 10. Bg4 Rxh4 11. Rxh4 Bxh4 12. Nc3 Nd7 13. Qd3 Bg5 14. Bxe6 Nxe5 15. dxe5 Bxc1 16. Bxf7+ Kxf7 17. Qf3+ Kg7 18. Rxc1 Qg5 19. Rd1 Qxe5+ 20. Kf1 Re8 21. Qd3 Nf6 22. Qd4 Qxd4 23. Rxd4 b6 24. Rd2 Kf7 25. f3 Nd7 26. b3 Nc5 27. b4 Ne6 28. b5 cxb5 29. Nxb5 Rd8 30. Nxa7 Ra8 31. Nc6 Rxa2 32. Ne5+ Kg7 33. Rxd5 Rxc2 34. Rd6 Nf8 35. Rxb6 Ra2 36. Rb7+ Kf6 37. f4 Ke6 38. Rg7 Ra4 39. g3 Ra2 40. Rf7 Ra8 41. Kf2 g5 42. Rg7 gxf4 43. gxf4 Ra6 44. Nf3 Kf6 45. Rb7 Ne6 1/2-1/2

[Event "Albacete op 08th"]
[Site "Albacete"]
[Date "2000.??.??"]
[Round "9"]
[White "Megias Chafer, Alejandro"]
[Black "Minzer, Claudio Javier"]
[Result "1/2-1/2"]
[WhiteElo "2067"]
[BlackElo "2400"]
[PlyCount "21"]
[EventDate "2000.09.05"]
[EventType "swiss"]
[EventRounds "9"]
[EventCountry "ESP"]
[SourceTitle "EXT 2001"]
[Source "ChessBase"]
[SourceDate "2000.11.22"]
[SourceVersion "1"]
[SourceVersionDate "2000.11.22"]
[SourceQuality "1"]

1. e4 e6 2. d4 d5 3. exd5 exd5 4. Bd3 Nc6 5. c3 Bd6 6. Nf3 Nge7 7. 0-0 0-0 8. Bg5 f6 9. Bh4 Bf5 10. Bg3 Bxd3 11. Qxd3 1/2-1/2